|
|
|
|
| LEADER |
03342nam a22003853i 4500 |
| 001 |
EBC6955706 |
| 003 |
MiAaPQ |
| 005 |
20231204023222.0 |
| 006 |
m o d | |
| 007 |
cr cnu|||||||| |
| 008 |
231204s2015 xx o ||||0 ger d |
| 020 |
|
|
|a 9783839406083
|q (electronic bk.)
|
| 020 |
|
|
|z 9783899426083
|
| 035 |
|
|
|a (MiAaPQ)EBC6955706
|
| 035 |
|
|
|a (Au-PeEL)EBL6955706
|
| 035 |
|
|
|a (OCoLC)1049912885
|
| 040 |
|
|
|a MiAaPQ
|b eng
|e rda
|e pn
|c MiAaPQ
|d MiAaPQ
|
| 100 |
1 |
|
|a Werner, Florian.
|
| 245 |
1 |
0 |
|a Rapocalypse :
|b Der Anfang des Rap und das Ende der Welt.
|
| 250 |
|
|
|a 1st ed.
|
| 264 |
|
1 |
|a Bielefeld :
|b transcript,
|c 2015.
|
| 264 |
|
4 |
|c ©2015.
|
| 300 |
|
|
|a 1 online resource (282 pages)
|
| 336 |
|
|
|a text
|b txt
|2 rdacontent
|
| 337 |
|
|
|a computer
|b c
|2 rdamedia
|
| 338 |
|
|
|a online resource
|b cr
|2 rdacarrier
|
| 490 |
1 |
|
|a Kultur- und Medientheorie
|
| 505 |
0 |
|
|a Cover Rapocalypse -- INHALT -- Einleitung -- Orature -- Millennium und Millennialismus -- Forschungslage und Gliederung -- 1. Der Anfang vom Ende: Ursprünge und Formen des Millennialismus -- Die biblischen Wurzeln des Millennialismus -- Formen und Konjunkturen des Millennialismus -- 2. Die Amerikanisierung des Millenniums und die Christianisierung der Sklaven -- Wurzeln und Anfange des nordamerikanischen Millennialismus -- Christentum und Sklaverei -- 3. Die Spirituals -- Entstehung und Formen der Spirituals -- Millennialistische Motive in den Spirituals -- Hybridität -- 4. »Ethiopia shall soon stretch out her hands unto God«: Das Neue Jerusalem in Afrika -- Samuel Hopkins und der Beginn der afrikanischen Kolonisationsbewegung -- Pro-Colonization Songs? -- Signifyin(g) -- Anti -Colonization Songs! -- Ausblick -- 5. »God's gonna set this world on fire«: Visionen der Endzeit im chanted sermon und im Blues -- The chanted sermon -- The Blues -- Ausblick -- 6. Zwischen Prämillennialismus und Popkultur: Rastafarianismus, die Nation of Islam und die Nation of Gods and Earths -- Blick über den Black Atlantic: Rasta, Reggae und Rap -- »Drop the bomb on the Yacub crew«: Die apokalyptische Mythologie der Nation of Islam unter Elijah Muhammad -- Die Nation of lslam nach Elijah Muhammad: Warith ud-Deen, Louis Farrakhan und die Nation of Gods and Earths -- »But heaven and hell exist within«: Geistige Auferstehung und das Millennium finanzieller Unabhängigkeit -- 7. »Them lips foretold these apocalypse«: Millennialistische Motive im Rap -- The Last Poets -- »Rhymes from now to doomsday«: Der Anfang des Rap -- Afrika Bambaataa und John Lydon: »World Destruction« -- Public Enemy: »Fear of a Black Planet« -- Busta Rhymes -- ... the end is in the beginning and lies far ahead -- Statt eines Endes: To what end? -- Zitierte Werke.
|
| 588 |
|
|
|a Description based on publisher supplied metadata and other sources.
|
| 590 |
|
|
|a Electronic reproduction. Ann Arbor, Michigan : ProQuest Ebook Central, 2023. Available via World Wide Web. Access may be limited to ProQuest Ebook Central affiliated libraries.
|
| 655 |
|
4 |
|a Electronic books.
|
| 776 |
0 |
8 |
|i Print version:
|a Werner, Florian
|t Rapocalypse
|d Bielefeld : transcript,c2015
|z 9783899426083
|
| 797 |
2 |
|
|a ProQuest (Firm)
|
| 830 |
|
0 |
|a Kultur- und Medientheorie
|
| 856 |
4 |
0 |
|u https://ebookcentral.proquest.com/lib/matrademy/detail.action?docID=6955706
|z Click to View
|